| 000 | 00448nam a22001817a 4500 | ||
|---|---|---|---|
| 003 | MPLRDC | ||
| 005 | 20220104151552.0 | ||
| 008 | 210129b ||||| |||| 00| 0 eng d | ||
| 082 | _a417.7 JLBK v.71 | ||
| 100 | _a王丽芬 主编 | ||
| 245 |
_a六十岁以后的健康 _c |
||
| 250 | _a初版 | ||
| 260 |
_a _b国家出版社 _c1980 |
||
| 300 | _b平 | ||
| 490 | _a家庭百科丛书. 71 | ||
| 650 | _a老人科 | ||
| 942 |
_cBK _o417.7 JLBK v.71 |
||
| 999 |
_c52437 _d52427 |
||